MICROECONOMIA (Registro nro. 28442)
[ vista simple ]
| 000 -LEADER | |
|---|---|
| fixed length control field | 00474nam a2200181 a 4500 |
| 001 - CONTROL NUMBER | |
| control field | 28442 |
| 005 - DATE AND TIME OF LATEST TRANSACTION | |
| control field | 20180713231325.0 |
| 008 - FIXED-LENGTH DATA ELEMENTS--GENERAL INFORMATION | |
| fixed length control field | 140415s1980 mx 000 0 spa d |
| 020 ## - INTERNATIONAL STANDARD BOOK NUMBER | |
| International Standard Book Number | 9684220464 |
| 041 ## - LANGUAGE CODE | |
| Language code of text/sound track or separate title | spa |
| 082 ## - DEWEY DECIMAL CLASSIFICATION NUMBER | |
| Classification number | 338.5 |
| Item number | LER |
| 245 00 - TITLE STATEMENT | |
| Title | MICROECONOMIA |
| 250 ## - EDITION STATEMENT | |
| Edition statement | 3RA. |
| 260 ## - PUBLICATION, DISTRIBUTION, ETC. | |
| Place of publication, distribution, etc. | MEXICO : |
| Name of publisher, distributor, etc. | MC GRAW HILL, |
| Date of publication, distribution, etc. | 1980 |
| 300 ## - PHYSICAL DESCRIPTION | |
| Extent | 703 |
| Dimensions | 19 x 4 x 24 |
| 500 ## - GENERAL NOTE | |
| General note | EL LIBRO INCLUYE PREFACIO. |
| 700 1# - ADDED ENTRY--PERSONAL NAME | |
| Personal name | CARLOS FELIPE ARAGON CONGOTE. |
| Relator term | tr. |
| Withdrawn status | Lost status | Source of classification or shelving scheme | Damaged status | Not for loan | Collection code | Home library | Current library | Shelving location | Date acquired | Source of acquisition | Total Checkouts | Full call number | Barcode | Date last seen | Date last checked out | Price effective from | Koha item type |
|---|---|---|---|---|---|---|---|---|---|---|---|---|---|---|---|---|---|
| Dewey Decimal Classification | General | Tehuacán | Tehuacán | Sala general | 03/12/2013 | Compra | 338.5 LER | 502063 | 16/04/2024 | 22/11/2017 | 03/12/2013 | Libro |